Heisman Trophy Winners ( Last 20) - Statistics

General Stats
  • This quiz has been taken 69 times
  • The average score is 13 of 21
Answer Stats
Hint Position Answer % Correct
2024 WR/DB Travis Hunter
96%
2020 WR Devonta Smith
90%
2022 QB Caleb Williams
87%
2023 QB Jayden Daniels
87%
2019 QB Joe Burrow
87%
2015 RB Derrick Henry
83%
2021 QB Bryce Young
79%
2006 QB Troy Smith
77%
2016 QB Lamar Jackson
75%
2017 QB Baker Mayfield
73%
2018 QB Kyler Murray
73%
2012 QB Johnny Manziel
63%
2014 QB Marcus Mariota
58%
2010 QB Cam Newton
54%
2005 RB Reggie Bush
50%
2007 QB Tim Tebow
50%
2008 QB Sam Bradford
37%
2004 QB Matt Leinart
35%
2011 QB Robert Griffin III
35%
2013 QB Jamies Winston
12%
2009 RB Mark Ingram III
2%
No matching quizzes found
Score Distribution
Percent of People with Each Score
Percentile by Number Answered
Your Score History
You have not taken this quiz